Manual de usuario y manual técnico sistema de Registro Académico y control de programas SIRACP, Dirección de Posgrado
Presenta las instrucciones para el uso y manejo de sistema de Registro Académico y control de programas SIRACP, Dirección de Posgrado, desarrollado con el propósito de apoyar en los procesos vinculados a la administración de la información de los programas y estudiantes de esta dirección....
| Main Authors: | , |
|---|---|
| Other Authors: | |
| Format: | Tesis Section = Libro |
| Language: | Undetermined Spanish |
| Published: |
Managua
UNI
2013
|
| Subjects: |
| LEADER | 01124nam a2200241Ia 4500 | ||
|---|---|---|---|
| 008 | 240830s9999 xx 000 0 und d | ||
| 040 | |a BIBLIOTECA-RUSB/ Mon 004.21 L864Ma | ||
| 041 | |a spa | ||
| 082 | |a Mon 004.21 L864Ma | ||
| 100 | 1 | |a López Olivas, Fabricio Neftalí | |
| 100 | 1 | |b Montenegro Gallegos, Yarin Nolasco | |
| 245 | 1 | 0 | |a Manual de usuario y manual técnico sistema de Registro Académico y control de programas SIRACP, Dirección de Posgrado |
| 260 | |a Managua |b UNI |c 2013 | ||
| 300 | |a 45 p. :il. | ||
| 502 | |a Tesis (Ingeniero en Computación) - UNI, 2013. | ||
| 520 | 3 | |a Presenta las instrucciones para el uso y manejo de sistema de Registro Académico y control de programas SIRACP, Dirección de Posgrado, desarrollado con el propósito de apoyar en los procesos vinculados a la administración de la información de los programas y estudiantes de esta dirección. | |
| 650 | 7 | |a MANUALES TECNICOS | |
| 650 | 7 | |b GUIAS PARA USUARIOS DEL SISTEMA | |
| 650 | 7 | |c ADMINISTRACION DE PROGRAMAS | |
| 700 | 1 | |a Tutor: |b Flores Quintana, Gloria Thalía | |
| 942 | |c BK |2 ddc | ||
| 991 | |a TESIS | ||
| 999 | |c 19623 | ||